Statistiques concernant Top 15 des pays avec les décès de Covid-19 - 5 juin

Cliquez ici pour prendre le quiz!

Statistiques générales

  • Ce quiz a été pris 23 fois
  • Le résultat moyen est 16 sur 20

Statistiques - réponses

pays% Correct
Espagne
100%
Etats-Unis
100%
Allemagne
96%
France
96%
Italie
96%
Belgique
91%
Portugal
91%
Brésil
87%
Russie
87%
Suisse
87%
Pays-Bas
83%
Canada
78%
Royaume-Uni
78%
Inde
74%
Mexique
70%
Suède
65%
Irlande
61%
Iran
52%
Pérou
43%
Équateur
30%

Distribution des résultats

Percentile par nombre de réponses

% des personnes avec chaque résultat

Votre développement - résultats

Vous n’avez pas pris ce quiz